Statistics for 日本の大型倒産トップ20

Click here to take the quiz!

General Stats

  • This quiz has been taken 62 times
  • The average score is 2 of 20

Answer Stats

業種倒産年負債額社名% Correct
持株会社20106715億円日本航空
69%
百貨店20006891億円そごう
62%
スーパー20011兆6000億円マイカル
33%
自動車部品製造20171兆5024億円タカタ
29%
生命保険業20002兆9366億円千代田生命
22%
生命保険業20004兆5296億円協栄生命保険
5%
証券業20083兆4314億円リーマン・ブラザーズ証券
5%
信販・クレジット20009663億円ライフ
5%
旅客運送、貨物事業20101兆5279億円日本航空インターナショナル
5%
生命保険業20019802億円東京生命保険
2%
不動産業19967160億円末野興産
2%
銀行業20106805億円日本振興銀行
2%
各種リース・金融19982兆1803億円日本リース
2%
住宅ローン保証19961兆円日榮ファイナンス
0%
総合リース業19971兆1874億円クラウンリーシング
0%
食品商社19976397億円東食
0%
金融業19976180億円日本トータルファイナンス
0%
不動産業20075648億円麻布建物
0%
不動産業20005600億円日本ビルプロヂェクト
0%
抵当証券業19975391億円たくぎん抵当証券
0%

Score Distribution

Percentile by Number Answered

Percent of People with Each Score

Your Score History

You have not taken this quiz